000 00296nam a2200133Ia 4500
008 090123s9999 xx 000 0 und d
082 _b25055
245 _aTHE VISION JAN-1945
250 _a0
300 _a91
630 _aTHE VISION JAN-1945
730 _aTHE VISION JAN-1945
942 _cBOOK
999 _c63126
_d63126